| 000 | 00504nam a2200121Ia 4500 | ||
|---|---|---|---|
| 008 | 220615s9999||||xx |||||||||||||| ||und|| | ||
| 100 | _aVito, Christopher | ||
| 245 | 4 |
_aThe Values of Independent Hip-Hop in the Post-Golden Era _bHip-Hop’s Rebels |
|
| 546 | _aEnglish[eng] | ||
| 650 | _aSocial sciences||Mass media||Communication||Culture||Political sociology||Music||Culture—Study and teaching | ||
| 856 | _uhttps://library.oapen.org/bitstream/20.500.12657/22909/1/1007252.pdf | ||
| 942 | _cEB | ||
| 999 |
_c17326 _d17326 |
||